00431nam a2200169Ia 4500008004100000020001800041245003200059245005200091260001500143260001600158260000900174300001600183300002500199300001000224500000800234999001900242170705s9999 xx 000 0 und d a9780590425995 4aThe adventures of Ulysses / cBernard Evslin ; illustrated by William Hunter. aNew York : bScholastic, c1969 a179 pages : bcolor illustration ; c17cm. a860 c336448d336448